Una biblioteca della letteratura universale /

Na minha lista:
Detalhes bibliográficos
Autor principal: Hesse, Hermann (Author)
Formato: Livro
Idioma:Língua italiana
Publicado em: Milano : Adelphi, 1984
Edição:4. ed
Colecção:Piccola biblioteca Adelphi ; 90
Tags: Adicionar Tag
Sem tags, seja o primeiro a adicionar uma tag!

MARC

LEADER 00000nam a22000007i 4500
001 IT\ICCU\REA\0018916
003 ItRI
005 20260115232308.0
008 921109s1984 it |||||| ||||| |||||c
040 |b ita  |c importazione bologna sebina 
041 7 |a ita  |2 ISO-639-2 
100 1 |a Hesse, Hermann  |0 IT\ICCU\CFIV\001444  |4 aut 
245 1 4 |a Una biblioteca della letteratura universale /  |c Hermann Hesse. 
250 |a 4. ed 
260 |a Milano :  |b Adelphi,  |c 1984 
300 |a 130 p. ;  |c 18 cm. 
830 0 |a Piccola biblioteca Adelphi ;  |v 90  |0 IT\ICCU\CFI\0003745 
942 |2 ddc  |c BK  |n 0 
952 |0 0  |1 0  |4 0  |6 DOC_833_914000000000000_HES  |7 0  |9 23739  |a BO  |b BO  |d 2026-01-15  |i 9126  |l 0  |o DOC 833.914 HES  |p BO9126  |r 2026-01-15 23:23:08  |w 2026-01-15  |x [Sebina 5] [1 v.]  |y BK  |z 1 v. 
999 |c 20218  |d 20218